Statistics for Movie Multiple Choice #2

Click here to take the quiz!

General Stats

  • This quiz has been taken 14,922 times
  • The average score is 12 of 15

Answer Stats

QuestionAnswer% Correct
What type of animal appears in the opening credits of movies produced by MGM studios?Lion
93%
What sport was featured in the 1993 movie "Cool Runnings"?Bobsled
89%
Who was the villain in "Aladdin"?Jafar
89%
Which of the following things did Forrest Gump never do?Play the violin
85%
Complete the quote: "Mrs. Robinson, you're trying to ..."Seduce me
84%
What was the subtitle of the third installment in the "Fast and Furious series"?Tokyo Drift
84%
Everyone who has ever been to prom has heard the song "I've Had the Time of My Life". What movie did it come from originally?Dirty Dancing
82%
Which of the following actors never starred as the Joker?Jim Carrey
82%
Which of the following movies helped make Steve Guttenberg a star?Police Academy
78%
In what movie did the main character appear after the credits to say "You're still here? It's over. Go home."?Ferris Bueller's Day Off
77%
Where was the movie "Good Will Hunting" set?Boston
74%
What annual awards ceremony honors the year's worst movies, actors, etc...?The Golden Raspberries
72%
Whom among the following was Sean Penn once married to?Madonna
71%
Which of these actors was in the "Brat Pack"?Emilio Estevez
68%
Who said "You had me at hello" to Tom Cruise?Renée Zellweger
56%

Score Distribution

Percentile by Number Answered

Percent of People with Each Score

Your Score History

You have not taken this quiz